000 00216nam a2200097Ia 4500
008 230915s9999 xx 000 0 und d
050 _aPZ 7 .T26 2007
100 _aTAN, SHAUN
245 4 _aTHE ARRIVAL
942 _cBK
999 _c181311
_d181311